000 00525nam a2200181Ia 4500
005 20250326141802.0
008 250326s9999 xx 000 0 und d
037 _aTextbook
040 _aFMSL
_beng
_cFMSL
041 _aeng
_2eng
084 _aX:89A M8
_qFMSL
100 _aSchonberger R J
_9742008
245 0 _aOperations management: serving the customer
_cSchonberger R J; Knod E M
260 _aHomewood
_bHomewood, IRWIN
_c1988
300 _a1012p
942 _cTB
_hX:89A M8
999 _c1291961
_d1291961